| 000 -CABECERA |
| fixed length control field |
00898nam a22002177a 4500 |
| 003 - IDENTIFICADOR DEL NÚMERO DE CONTROL |
| control field |
AR-CdUCM |
| 008 - DATOS DE LONGITUD FIJA--INFORMACIÓN GENERAL |
| fixed length control field |
190228b ||||| |||| 00| 0 spa d |
| 040 ## - FUENTE DE LA CATALOGACIÓN |
| Agencia/entidad que catalogó originalmente la obra |
MUNICIPALIDAD PROVINCIAL DEL CUSCO |
| Entidad que transcribió la catalogación |
BIBLIOTECA MUNICIPAL DEL CUSCO |
| 082 ## - NÚMERO DE LA CLASIFICACIÓN DECIMAL DEWEY |
| No. de Clasificación |
338.9 / |
| Notacion interna |
C13 |
| 100 ## - ENTRADA PRINCIPAL--NOMBRE DE PERSONA |
| Nombre Personal |
Cabala Pinazo, Remigio |
| 245 ## - MENCIÓN DE TÍTULO |
| Título |
El desarrollo economico del departamento de Puno : |
| Resto del título |
Perfil histórico / |
| Mención de responsabilidad |
Remigio Cabala Pinazo |
| 260 ## - PUBLICACIÓN, DISTRIBUCIÓN, ETC. |
| Lugar de publicación, distribución, etc. |
Lima : |
| Nombre de la editorial, distribuidor, etc. |
El Carmen, |
| Fecha de publicación, distribución, etc. |
1982. |
| 300 ## - DESCRIPCIÓN FÍSICA |
| Nº de Páginas Extensión |
100 paginas ; |
| Dimensiones |
21 cm. |
| 505 ## - NOTA DE CONTENIDO CON FORMATO |
| Nota de contenido formateada |
En la era de la acumulación primitiva del capital -- La organización de la colonia -- La iniciativa de la república -- La era del guano y el salitre -- La crisis del orden Oligárquico ... |
| 650 ## - PUNTO DE ACCESO ADICIONAL DE MATERIA--TÉRMINO DE MATERIA |
| Descriptor |
Proceso histórico |
| 9 (RLIN) |
6759 |
| 650 ## - PUNTO DE ACCESO ADICIONAL DE MATERIA--TÉRMINO DE MATERIA |
| Descriptor |
Feudalidad |
| 9 (RLIN) |
6760 |
| 650 ## - PUNTO DE ACCESO ADICIONAL DE MATERIA--TÉRMINO DE MATERIA |
| Descriptor |
Modernización |
| 9 (RLIN) |
5169 |
| 650 ## - PUNTO DE ACCESO ADICIONAL DE MATERIA--TÉRMINO DE MATERIA |
| Descriptor |
Dinámica económica |
| 9 (RLIN) |
6761 |
| 942 ## - ELEMENTOS DE PUNTO DE ACCESO ADICIONAL (KOHA) |
| Fuente de clasificación |
|
| Tipo de item |
Libros-BMC |
| 945 ## - PROCESAMIENTO DE INFORMACIÓN LOCAL (OCLC) |
| Catalogador |
acv |
| AAAA-MM-DD - Fecha de ingreso o modificacion |
2019-02-28 |